01135nam a22002777a 4500003000400000005001700004008004100021040002200062082001800084100002700102245004300129260004700172300001900219366000800238490001300246505008400259505017400343505001200517650004100529650005000570650004400620650004800664650004300712650005500755650004700810OSt20230503133153.0221006b |||||||| |||| 00| 0 eng d cBiblioteca Lado V a709.05bR643f aRoberts, Jameseeditor aFrieze/bContemporary Art And Culture/ bDurian Publications Ltd.aInglaterrac2002 c23x30cma112p. eeng a71v2002 tColumnsaBooks Information Philosophy Places Architecture Life Television tFeaturesaPicture: Casino Royale River deep, mountain hihg Jane doe Emotional rescue Innocense and experience Successful clouds Strange fascination Model theory  tReviews 2Tesauro de Arte & ArquitecturaaARTE 2Tesauro de Arte & ArquitecturaaEXPOSICIONES  2Tesauro de Arte & ArquitecturaaCULTURA 2Tesauro de Arte & ArquitecturaaAPRECIACION 2Tesauro de Arte & ArquitecturaaTEORIA 2Tesauro de Arte & ArquitecturaaARTE CONTEMPORANEO 2Tesauro de Arte & ArquitecturaaINGLATERRA